| 000 | 00508nam a22001577a 4500 | ||
|---|---|---|---|
| 005 | 20240822085345.0 | ||
| 008 | 240822b |||||||| |||| 00| 0 eng d | ||
| 041 | _aEnglish/Afrikaans | ||
| 082 | _a349 UNI | ||
| 100 | _lEnglish/Afrikaans | ||
| 245 | _aThe Union Statutes: Classified and Annotated Reprint 1910-1947 | ||
| 260 |
_aDurban: _bButterworth and Company (Africa) Ltd, _c1949 |
||
| 300 |
_b45 pages; _c24 cm. |
||
| 650 |
_aLegal practice _bLaw |
||
| 942 |
_cBK _6ALISON_BN_VRIES |
||
| 999 |
_c2764 _d2764 |
||